1556 1169 1433 1796 1123 1349 1952 1790 1113 1693 1547 1620 1664 1794 1721 1202 1882 1451 1859 1347 1403 1994 1086 1701 1477 1536 1302 1125 1454 1515 1727 1453 1089 1922 1149 1930 1966 1908 1707 1251 1003 1207 1944 1272 1251 1573 1505 1586 1930 1542 1777 1632 1395 1795 1149 1285 1834 1458 1825 1175 1518 1053 1775 1616 1146 1783 1630 1666 1954 1126 1506 1255 1905 1117 1443 1805 1041 1984 1497 1519 1758 1566 1716 1412 1692 1773 1951 1538 1741 1584 1948 1144 1246 1805 1727 1386 1626 1872 1183 BCNSPRNW ULIB Ver.6.0+V

เปลี่ยนเป็นภาษาไทย

Change to English
 แสดงรายละเอียดบรรณานุกรม
  กลับหน้าหลัก

Brief Record : Get Marc (ISO 2709) : E-mail record : QR code < ปิดหน้าต่าง
LEADER : 00000nam 2200000uu 4500
001    13399108684
003     ULIB
008    110311s2547||||th 000 0 tha d
020    9749664973
060 04 QT104^bส356 2547 ล.1
245 00 สรีรวิทยา^n1 /^cคณาจารย์ภาควิชาสรีรวิทยาคณะแพทยศาสตร์ศิริราชพยาบาล มหาวิทยาลัยมหิดล ; บรรณาธิการ วัฒนา วัฒนาภา, สุพัตรา โล่ห์สิริวัฒน์, สุพรพิมพ์ เจียสกุล
250    พิมพ์ครั้งที่ 5 (พิมพ์ซ้ำครั้งที่ 2)
260    กรุงเทพฯ :^bภาควิชาสรีรวิทยา คณะแพทยศาสตร์ศิริราชพยาบาลมหาวิทยาลัยมหิดล,^2547
300    1-324 หน้า :^bภาพประกอบ ;^c26 ซม.
650  7 สรีรวิทยา
700 0  วัฒนา วัฒนาภา,^eบรรณาธิการ
700 0  สุพัตรา โล่ห์สิริวัฒน์,^eบรรณาธิการ
700 0  สุพรพิมพ์ เจียสกุล,^eบรรณาธิการ
710 2  มหาวิทยาลัยมหิดล. ^bคณะแพทยศาสตร์ศิริราชพยาบาล.^bภาควิชาสรีรวิทยา
945    ^p280^l0^i24437
945    ^p280^l0^i24034
945    ^p280^l0^i24033
945    ^p280^l0^i24680
945    ^p280^l0^i24679
945    ^p280^l0^i24678
945    ^p280^l0^i24677
945    ^p280^l0^i24676
945    ^p280^l0^i24675
945    ^p280^l0^i24674
945    ^p280^l0^i24673
995    เกษร
999 ^a ใช้งานได้ทุกระบบ
รายการนี้ยังไม่มีแท็ก
คุณยังไม่ได้ล็อกอิน คุณสามารถมีกิจกรรมร่วมกับเว็บไซต์ได้ แต่ต้องล็อกอินก่อน ::
  ล็อกอิน

รายการสื่อสารสนเทศ

ลำดับที่ ประเภท เลขเรียก/บาร์โค้ด สถานที่ สถานะ
- ไม่พบข้อมูล -

รายการใกล้เคียง
    หัวเรื่อง [สรีรวิทยา]

BibComment


ยังไม่เคยถูกคอมเมนท์

คอมเมนท์ทรัพยากรรายการนี้
  คอมเมนท์: สรีรวิทยา 1 คณาจ..


 Copyright 2026. Bcnsprnw @Library